Divinités incas-De quoi est-il/elle le dieu/la déesse? - Statistiques

Statistiques générales
  • Ce quiz a été pris 18 fois
  • Le résultat moyen est 3 sur 10
Statistiques - réponses
Nom du dieu/
de la déesse
De quoi est-il/elle
le dieu/la déesse?
% Correct
Inti (Dieu) Dieu du Soleil
93%
Pachamama(Déesse) Déesse de la terre
64%
Mama Quilla(Déesse) Déesse de la Lune
43%
Coniraya(Dieu) Dieu de la Lune
43%
Pachacamac(Dieu) Dieu créateur
21%
Supay (Dieu) Dieu de la Mort
21%
Mama Coca(Déesse) Déesse de la Santéet de la Joie
7%
Viracocha(Dieu) Dieu créateur et Dieu de la Foudre
7%
Urcuchillay Dieu protecteur des Animaux
7%
Saramama(Déesse) Déesse du Grain
0%
Aucun quiz correspondant
Distribution des résultats
% des personnes avec chaque résultat
Percentile par nombre de réponses
Votre historique - résultats
Vous n’avez pas pris ce quiz